Indice de acuerdos -Tomados en las sesiones celebradas por el Consejo Agropecuario Nacional, 1973

Kaydedildi:
Detaylı Bibliyografya
Müşterek Yazar: Costa Rica. Ministerio de Agricultura y Ganadería. Consejo Agropecuario Nacional
Materyal Türü: Metin
Baskı/Yayın Bilgisi: San José: El Consejo
Konular:
Etiketler: Etiketle
Etiket eklenmemiş, İlk siz ekleyin!

MARC

LEADER 00000 a a2200000 04500
001 18225
003
040
090 |a 023400  
110 |a Costa Rica. Ministerio de Agricultura y Ganadería. Consejo Agropecuario Nacional  
245 |a Indice de acuerdos -Tomados en las sesiones celebradas por el Consejo Agropecuario Nacional, 1973  
260 |a San José:   |b El Consejo  
300 |a 51 p.  
650 |a ASPECTOS AGRICOLAS  
999 |c 5187  |d 5187